USA country quiz - Statistics

General Stats
  • This quiz has been taken 1,984 times
    972 since last reset
  • The average score is 17 of 20
Answer Stats
Hint Answer % Correct
In what continent is the USA located North America
100%
What country does the USA border to the north Canada
97%
What country does the USA border to the south Mexico
97%
The biggest city in the USA is New york
95%
Who did the USA gain independence from(what is the country called now) United Kingdom
95%
The national animal of the USA is the____ Bald eagle
94%
The USA is the ____ most populous country Third
93%
Where is the capitol of the USA located Washington D.C
92%
The USA is the _____ biggest country Fourth
90%
The 2nd biggest Los Angeles
89%
What was the last USA state Hawaii
87%
The 3rd biggest Chicago
82%
What is the most popular sport the USA that is popular only in the USA and Canada Football
81%
The USA is the______ richest country(GDP) First
80%
What country lies just off the coast of Florida(about 2 miles according to some sources) Bahamas
77%
The USA has more____ then any other country(They come from other countries) Immigrants
76%
The 4th biggest Houston
70%
What was the first state in the USA Delaware
66%
What is the longest river in the USA Missouri
54%
The 5th biggest Phoenix
46%
No matching quizzes found
Score Distribution
Percent of People with Each Score
Percentile by Number Answered
Your Score History
You have not taken this quiz since the last reset